[Event "Copenhagen op16"]
[Site "Copenhagen"]
[Date "1994.??.??"]
[Round "2"]
[White "Maksimenko, Andrei"]
[Black "Bjerring, Kai"]
[Result "1-0"]
[WhiteElo "2475"]
[BlackElo "2345"]

1.d4 d5 2.c4 c6 3.Nc3 Nf6 4.Nf3 e6 5.e3 Nbd7 6.Bd3 dxc4 7.Bxc4 b5 8.Bd3 a6
9.e4 c5 10.d5 Qc7 11.O-O c4 12.dxe6 fxe6 13.Bc2 Bb7 14.Ng5 Qc6 15.Qf3 h6
16.Qh3 hxg5 17.Qxh8 g4 18.Bg5 Kf7 19.Qh4 Bd6 20.Rad1 Qc7 21.Rfe1 Be5 22.Rxd7+ Qxd7
23.Bxf6 Bxf6 24.Qh5+ g6 25.Qh7+ Bg7 26.e5 Rh8 27.Qxg6+ Kf8 28.Qxg4 Qd2 29.Rd1 Qxc2
30.Rd8+  1-0

[Event "Copenhagen op16"]
[Site "Copenhagen"]
[Date "1994.??.??"]
[Round "4"]
[White "Grabov, Steen"]
[Black "Antreasyan, Erol"]
[Result "0-1"]
[WhiteElo "2285"]
[BlackElo "1900"]

1.Nf3 d5 2.d4 Nf6 3.c4 c6 4.e3 e6 5.Nc3 Nbd7 6.Bd3 dxc4 7.Bxc4 b5 8.Bd3 a6
9.O-O c5 10.b3 Bb7 11.Bb2 Rc8 12.Qe2 Be7 13.Rac1 O-O 14.Rfd1 Qb6 15.Bb1 Rfd8
16.a3 cxd4 17.exd4 Bf8 18.Ne5 g6 19.Rd3 Bh6 20.Rcd1 Bg7 21.b4 Nd5 22.Nxd5 Bxd5
23.Qd2 Be4 24.Nxd7 Rxd7 25.Rc3 Rxc3 26.Bxc3 Bxb1 27.Rxb1 Bxd4 28.Kf1 Rd5
29.Bxd4 Rxd4 30.Qe3 Qd6 31.g3 Qd5 32.Kg1 Rd3 33.Qe2 Qc4 34.Qe5 Qc3 35.Qxc3 Rxc3
36.Ra1 Kg7 37.Ra2 Kf6 38.Kf1 Ke5 39.Ke2 Kd4 40.a4 Rb3 41.axb5 axb5 42.Ra7 Rxb4
43.Rxf7 Kc3 44.Rxh7 Rc4 45.Re7 Kc2 46.Rxe6 b4 47.f4 b3 48.Kf3 b2 49.Rb6 Rc3+
50.Kg4 Rb3 51.Rc6+ Kd2 52.Rd6+ Ke2  0-1

[Event "Copenhagen op2"]
[Site "Copenhagen"]
[Date "1994.??.??"]
[Round "6"]
[White "Hutters, Tomas"]
[Black "Nielsen, Carsten Juul"]
[Result "1-0"]
[WhiteElo "2445"]
[BlackElo "2015"]

1.Nf3 d5 2.d4 Nf6 3.c4 c6 4.Nc3 e6 5.e3 Nbd7 6.Qc2 Bd6 7.g4 dxc4 8.Bxc4 b5
9.Bd3 Bb7 10.g5 Nd5 11.Ne4 Be7 12.Bd2 Qb6 13.Rc1 Nb4 14.Bxb4 Bxb4+ 15.Ke2 Rd8
16.a3 Be7 17.b4 Nb8 18.h4 h5 19.Nc5 Bxc5 20.Qxc5 Qxc5 21.Rxc5 Nd7 22.Rc2 Ke7
23.Rhc1 Kd6 24.e4 Rc8 25.e5+ Ke7 26.Be4 Nb8 27.Nd2 Rc7 28.Nb3 Rhc8 29.Nc5 Ba8
30.Ke3 g6 31.a4 bxa4 32.Ra1 Bb7 33.Rxa4 Nd7 34.Rxa7  1-0

[Event "Copenhagen op16"]
[Site "Copenhagen"]
[Date "1994.??.??"]
[Round "7"]
[White "Hutters, Tomas"]
[Black "Christensen, Bo Garner"]
[Result "1/2-1/2"]
[WhiteElo "2420"]
[BlackElo "2225"]

1.Nf3 d5 2.c4 c6 3.e3 Nf6 4.Nc3 e6 5.d4 Nbd7 6.Qc2 Be7 7.e4 dxe4 8.Nxe4 O-O
9.Nxf6+ Bxf6 10.Bd3 g6 11.Bh6 Re8 12.O-O-O Qa5 13.Kb1 c5 14.h4 cxd4 15.h5 Nf8
16.Bxf8 Kxf8 17.hxg6 hxg6 18.Rh7 e5 19.Bxg6 Be6 20.Bxf7 Bxf7 21.Qf5 Qa6 22.Ng5 Bg8
23.Rdh1 Re7 24.R7h6 Rf7 25.Nxf7 Kxf7 26.Rh7+ Kf8 27.R1h6 Bxh7 28.Rxh7 Re8
29.Rh6 Re6 30.g4 Ke7 31.g5 Qxc4 32.gxf6+ Kd6 33.f7 Qf1+ 34.Kc2 Qe2+ 35.Kc1 Qe1+  1/2-1/2

[Event "Copenhagen op16"]
[Site "Copenhagen"]
[Date "1994.??.??"]
[Round "7"]
[White "Hedman, Erik"]
[Black "Petersen, Nils"]
[Result "1/2-1/2"]
[WhiteElo "2285"]
[BlackElo "2005"]

1.d4 d5 2.c4 e6 3.Nc3 Nf6 4.Nf3 c6 5.e3 Bd6 6.Bd3 O-O 7.O-O Nbd7 8.e4 dxe4
9.Nxe4 Nxe4 10.Bxe4 Nf6 11.Bc2 c5 12.dxc5 Bxc5 13.Qe2 Qc7 14.Bg5 Be7 15.Rad1 h6
16.Bh4 Nh5 17.Bxe7 Qxe7 18.Ne5 Nf6 19.Rd4 Rd8 20.Rfd1 Rxd4 21.Rxd4 Bd7 22.Qd3 Be8
23.h4 Qb4 24.Qd2 Qxd2 25.Rxd2 Kf8 26.c5 Ke7 27.Kf1 Rc8 28.b4 a5 29.a3 axb4
30.axb4 Nd5 31.Be4 Nxb4 32.Rb2 Rxc5 33.Rxb4 Rxe5 34.Rxb7+ Kf6 35.Bf3 Rb5
36.Rc7 Rb1+ 37.Ke2 g5 38.hxg5+ hxg5 39.Rc2 Ba4 40.Rc3 Rb2+ 41.Kf1 Rb1+ 42.Ke2 Rb3
43.Rc5 Bb5+ 44.Ke1 Bd3 45.Bh5 Be4 46.g3 Bf3 47.Bxf3 Rxf3 48.Kf1 g4 49.Kg2 e5
50.Ra5 Kf5 51.Rb5 f6 52.Ra5 Rd3 53.Rb5 Ke4 54.Rb4+ Rd4 55.Rb3 f5 56.Re3+ Kd5
57.Ra3 f4 58.gxf4 Rxf4 59.Ra5+ Ke6 60.Ra6+ Kf5 61.Ra8 Rb4 62.Rf8+ Ke4 63.Kg3 Kd3
64.Rg8  1/2-1/2

[Event "FMDA-FAPC m"]
[Site "Cordoba"]
[Date "1994.??.??"]
[Round "3"]
[White "Monier, Raul"]
[Black "De Dovitiis, Alejo"]
[Result "1/2-1/2"]
[WhiteElo "2370"]
[BlackElo "2350"]

1.d4 Nf6 2.c4 e6 3.Nf3 d5 4.Nc3 c6 5.e3 Bd6 6.Bd3 Nbd7 7.O-O O-O 8.e4 dxc4
9.Bxc4 e5 10.h3 b5 11.Bb3 b4 12.Na4 Qc7 13.Re1 exd4 14.Nxd4 Re8 15.Qc2 Bb7
16.Nf3 c5 17.Qc4 Re7 18.Bg5 Bxe4 19.Rxe4 Rxe4 20.Qxf7+ Kh8 21.Bxf6 Nxf6 22.Qxc7 Bxc7
23.Ng5 Re7 24.Nf7+ Kg8 25.Ng5+ Kh8 26.Nf7+ Kg8  1/2-1/2

[Event "CZE-ch"]
[Site "?"]
[Date "1994.??.??"]
[Round "9"]
[White "Polak, Tomas"]
[Black "Kozak, Milos"]
[Result "1-0"]
[WhiteElo "2410"]
[BlackElo "2270"]

1.d4 d5 2.c4 c6 3.Nc3 Nf6 4.e3 e6 5.Nf3 Nbd7 6.Qc2 Bd6 7.Be2 O-O 8.O-O Re8
9.Rd1 Qe7 10.b3 b6 11.e4 Nxe4 12.Nxe4 dxe4 13.Qxe4 Bb7 14.Bf4 Bxf4 15.Qxf4 c5
16.Qc7 Rab8 17.Ne5 Qg5 18.Bf3 Nxe5 19.Bxb7 cxd4 20.Rxd4 Qe7 21.Qxe5 Rxb7
22.Rad1 f6 23.Qe4 e5 24.Rd6 Qf7 25.Rd8 Re7 26.Rxe8+ Rxe8 27.Qc6 g6 28.Rd6 f5
29.h4 Kg7 30.a4 Re7 31.Rd8 f4 32.f3 Qf6 33.Rg8+  1-0

[Event "CZE-chT"]
[Site "?"]
[Date "1994.??.??"]
[Round "?"]
[White "Vrbata, Zbynek"]
[Black "Vavra, Pavel"]
[Result "1-0"]
[WhiteElo "2350"]
[BlackElo "2365"]

1.d4 d5 2.c4 c6 3.Nc3 Nf6 4.Nf3 e6 5.e3 Nbd7 6.Bd3 dxc4 7.Bxc4 b5 8.Bd3 a6
9.e4 c5 10.d5 c4 11.dxe6 cxd3 12.exd7+ Qxd7 13.Ne5 Qd4 14.Nxd3 Bg4 15.f3 O-O-O
16.Nf4 Qxd1+ 17.Nxd1 Bb4+ 18.Ke2 Bd7 19.Be3 Ba5 20.Nc3 b4 21.Ncd5 Bb5+ 22.Kf2 Nxd5
23.Nxd5 Kb7 24.Rhd1 Rhe8 25.g4 h5 26.gxh5 f5 27.exf5 Re5 28.f6 Rxh5 29.fxg7 Rxh2+
30.Kg3 Rh7 31.Bd4 Bc4 32.Ne7 Be6 33.Bf6 Bc7+ 34.f4 Rh3+ 35.Kg2 Rh6 36.Bg5 Rh7
37.Rxd8 Bxd8 38.g8=Q Bxg8 39.Nxg8 Rg7 40.Nh6 Bxg5 41.fxg5 Rxg5+ 42.Kf3 Rc5
43.Re1 Ra5 44.Ra1 Rc5 45.Ng4 Rc2 46.Rb1 a5 47.Ke3 Kb6 48.Kd3 Rg2 49.Ne3 Rh2
50.Rg1 a4 51.Rg2 Rh3 52.Rg6+ Kb5 53.Rg5+ Kb6 54.b3 Rh1 55.Nd5+  1-0

[Event "DEN-chT 9495"]
[Site "?"]
[Date "1994.??.??"]
[Round "1"]
[White "Jelling, Erik"]
[Black "Sorensen, Bent"]
[Result "1/2-1/2"]
[WhiteElo "2420"]
[BlackElo "2300"]

1.d4 d5 2.c4 c6 3.Nf3 Nf6 4.Nc3 e6 5.e3 Nbd7 6.Qc2 Bd6 7.Be2 O-O 8.O-O Re8
9.Rd1 Qe7 10.b3 b6 11.e4 Nxe4 12.Nxe4 dxe4 13.Qxe4 Bb7 14.Ne5 Nf6 15.Qf4 c5
16.Bb2 Rad8 17.Bf3 cxd4 18.Bxd4 Qc7 19.Bxb7 Qxb7 20.Rd3 Ne4 21.Qf3 f6 22.Ng4 f5
23.Ne3 Qc7 24.Nf1 Ng5  1/2-1/2

[Event "DEN-chT9394"]
[Site "DEN"]
[Date "1994.??.??"]
[Round "5"]
[White "Jelling, Erik"]
[Black "Bentzen, Eric"]
[Result "1-0"]
[WhiteElo "2400"]
[BlackElo "2315"]

1.d4 d5 2.c4 c6 3.Nf3 Nf6 4.Nc3 e6 5.e3 Nbd7 6.Be2 Bd6 7.O-O O-O 8.Qc2 Re8
9.Rd1 Qe7 10.b3 b6 11.e4 Nxe4 12.Nxe4 dxe4 13.Qxe4 Bb7 14.Bf4 Bxf4 15.Qxf4 c5
16.Qc7 Rab8 17.dxc5 Nxc5 18.Qxe7 Rxe7 19.Nd4 a6 20.Bf3 Bxf3 21.Nxf3 Rc7 22.Rd6 Kf8
23.Rad1 Ne4 24.R6d4 Nf6 25.Ne5 Rbc8 26.Rd6 Rb7 27.f3 g5 28.Rd8+ Rxd8 29.Rxd8+ Kg7
30.a4 a5 31.g4 Rc7 32.Rd6 Rb7 33.Kf2 h5 34.h3 hxg4 35.hxg4 Rb8 36.Ke3 Kf8
37.Rd7 Nxd7 38.Nxd7+ Ke7 39.Nxb8 Kd6 40.Kd4 f5 41.Na6 e5+ 42.Ke3  1-0

[Event "DEN-chT9394"]
[Site "DEN"]
[Date "1994.??.??"]
[Round "6"]
[White "Danielsen, Henrik"]
[Black "Bentzen, Eric"]
[Result "1-0"]
[WhiteElo "2445"]
[BlackElo "2315"]

1.d4 d5 2.c4 c6 3.Nc3 Nf6 4.e3 e6 5.Nf3 Nbd7 6.Bd3 Bd6 7.O-O O-O 8.e4 dxe4
9.Nxe4 Nxe4 10.Bxe4 c5 11.Bg5 Qc7 12.Re1 Re8 13.Bh4 cxd4 14.Qxd4 e5 15.Qd3 Nf8
16.Rac1 f6 17.c5 Be7 18.Qd5+ Kh8 19.Bg3 Rd8 20.Qb3 Ne6 21.Qc2 Nf8 22.Qc3 Bg4
23.Nxe5 fxe5 24.Bxe5 Bf6 25.Bxc7 Bxc3 26.Rxc3 Re8 27.Rce3  1-0

[Event "DEN-chT9394"]
[Site "DEN"]
[Date "1994.??.??"]
[Round "6"]
[White "Jelling, Erik"]
[Black "Rasmussen, Karsten"]
[Result "0-1"]
[WhiteElo "2400"]
[BlackElo "2440"]

1.d4 d5 2.c4 e6 3.Nf3 c6 4.Nc3 Nf6 5.e3 Nbd7 6.Be2 Bd6 7.O-O O-O 8.Qc2 dxc4
9.Bxc4 b5 10.Be2 Re8 11.a4 b4 12.Ne4 Nxe4 13.Qxe4 Bb7 14.a5 Rb8 15.Qc2 c5
16.Rd1 Qc7 17.h3 Nf6 18.dxc5 Bxc5 19.Bd2 b3 20.Qc4 Ne4 21.Be1 Bd5 22.Qc1 Rec8
23.Ba6 Bb7 24.Bd3 Qe7 25.Qb1 f5 26.Nd4 Bd5 27.f3 Ng5 28.Bf2 Qf6 29.Bf1 Qg6
30.Kh2 Bxd4 31.Rxd4 Rc2 32.Qe1 Rxb2 33.h4 Qh5 34.Rd2 Rxd2 35.Qxd2 Nxf3+ 36.gxf3 Qxf3
37.Rb1 Rc8 38.Qe2 Qxe2 39.Bxe2 Rc2 40.e4 Rxe2 41.exd5 Rxf2+ 42.Kg3 Re2 43.Rxb3 exd5
44.Rb7 a6 45.Rb6 Re4 46.Rxa6 Rg4+ 47.Kh3 Ra4 48.h5 Kf7 49.Kg3 g5 50.Ra7+ Kf6
51.a6 Ra3+ 52.Kf2 Ke5 53.Re7+ Kf4 54.a7 h6 55.Ke2 g4 56.Kd2 g3  0-1

[Event "Dortmund"]
[Site "Dortmund"]
[Date "1994.??.??"]
[Round "4"]
[White "Karpov, Anatoly"]
[Black "Lutz, Christopher"]
[Result "1-0"]
[WhiteElo "2740"]
[BlackElo "2595"]

1.d4 d5 2.c4 c6 3.Nf3 Nf6 4.Nc3 e6 5.e3 Nbd7 6.Bd3 dxc4 7.Bxc4 b5 8.Bd3 a6
9.e4 c5 10.d5 c4 11.dxe6 cxd3 12.exd7+ Qxd7 13.O-O Bb7 14.Re1 Be7 15.e5 Nd5
16.Ne4 O-O 17.Qxd3 Qg4 18.Nfg5 Rad8 19.a3 f5 20.exf6 gxf6 21.Qh3 Qxh3 22.Nxh3 Rfe8
23.Bd2 Kf7 24.Re2 Bc6 25.Ba5 Rc8 26.Rd1 Bf8 27.Ng3 Rxe2 28.Nxe2 Re8 29.Nd4 Bb7
30.Kf1 Bd6 31.g3 Be5 32.Ng1 Ne7 33.Nge2 Rc8 34.Rd3 Ba8 35.Ke1 Re8 36.Kd1 Rc8
37.Bc3 Nd5 38.Ba5 Ne7 39.Rc3 Be4 40.Re3 Bg6 41.Rc3 Re8 42.Rc5 Bd3 43.Bc3 Bd6
44.Rh5 Rd8 45.Ke1 Re8 46.Kd2 Bg6 47.Rh4 Nd5 48.Nc6 Nb6 49.Na5 Na4 50.Nb7 Bb8
51.Bd4 Rc8 52.b3 Rc2+ 53.Ke3 Nb2 54.Nf4 Nd1+ 55.Kf3 Be5 56.Nxg6 Kxg6 57.Bxe5 Rxf2+
58.Ke4 Re2+ 59.Kd5 Ne3+ 60.Ke6 Nc2 61.Rg4+ Kh5 62.Rg7 fxe5 63.h4 Nd4+ 64.Kf6 Kh6
65.Rg8 e4 66.Nd6 Rf2+ 67.Ke5 Nc6+ 68.Kxe4 Rf6 69.Ne8  1-0

[Event "Dresden op"]
[Site "Dresden"]
[Date "1994.??.??"]
[Round "?"]
[White "Mowsziszian, Karen"]
[Black "Zschaebitz, Klaus"]
[Result "1-0"]
[WhiteElo "2525"]
[BlackElo "2305"]

1.d4 d5 2.Nf3 Nf6 3.c4 c6 4.Nc3 e6 5.e3 Nbd7 6.Qc2 Bd6 7.b3 Qe7 8.Be2 O-O
9.O-O e5 10.cxd5 e4 11.Nd2 cxd5 12.Nb5 Bb4 13.a3 Ba5 14.Nc7 Rb8 15.Bb2 a6
16.b4 Bb6 17.Rfc1 Rd8 18.a4 Nf8 19.a5 Bxc7 20.Qxc7 Qxc7 21.Rxc7 Ne8 22.Rc2 Nd6
23.Rc5 Be6 24.Ba3 Nd7 25.Rc7 Nf6 26.b5 Nxb5 27.Bxb5 axb5 28.f3 Rdc8 29.Rac1 Rxc7
30.Rxc7 h6 31.Bc5 Bc8 32.Nb1 Bd7 33.Nd2 Bc6 34.a6 Ne8 35.a7 Ra8 36.Re7 Nf6
37.Nb3 Nd7 38.fxe4 Nxc5 39.Nxc5 Rxa7 40.exd5 Bxd5 41.e4 Bc4 42.d5 Ra1+ 43.Kf2 Rd1
44.Nxb7 f5 45.d6 f4 46.Kf3 Rf1+ 47.Kg4 Kf8 48.d7  1-0

[Event "Dresden U20"]
[Site "Dresden"]
[Date "1994.??.??"]
[Round "?"]
[White "Neumann, Andreas"]
[Black "Proehl, Holger"]
[Result "1/2-1/2"]
[WhiteElo "2235"]
[BlackElo "2285"]

1.d4 d5 2.c4 e6 3.Nf3 Nf6 4.Nc3 c6 5.e3 Nbd7 6.Qc2 Be7 7.Be2 O-O 8.O-O b6
9.b3 Bb7 10.Bb2 Rc8 11.Rfd1 Qc7 12.h3 Rfd8 13.Bd3 c5  1/2-1/2

[Event "Eger"]
[Site "Eger"]
[Date "1994.??.??"]
[Round "1"]
[White "Borne, Niels"]
[Black "Payen, Arnaud"]
[Result "0-1"]
[WhiteElo "2290"]
[BlackElo "2310"]

1.d4 d5 2.c4 c6 3.Nf3 e6 4.e3 Nf6 5.Nc3 Nbd7 6.Bd3 Bd6 7.O-O O-O 8.e4 dxc4
9.Bxc4 e5 10.Bg5 Qe7 11.Qe2 exd4 12.Nxd4 Ne5 13.Bb3 Bg4 14.f3 Bc5 15.Rad1 Rfd8
16.Be3 Bc8 17.Qf2 Bb6 18.Rd2 Nfg4 19.fxg4 Nxg4 20.Qg3 Nxe3 21.Qxe3 Qe5 22.Nce2 Bg4
23.Rf2 Bxe2  0-1

[Event "Eger"]
[Site "Eger"]
[Date "1994.??.??"]
[Round "8"]
[White "Kiss, Pal"]
[Black "Szabolcsi, Janos"]
[Result "1/2-1/2"]
[WhiteElo "2445"]
[BlackElo "2450"]

1.d4 Nf6 2.Nf3 d5 3.c4 c6 4.Nc3 e6 5.e3 Nbd7 6.Qc2 Bd6 7.b3 O-O 8.Be2 e5
9.cxd5 cxd5 10.Nb5 Bb4+ 11.Bd2 Bxd2+ 12.Nxd2 a6 13.dxe5 Nxe5 14.Nd4 Bd7 15.O-O Rc8  1/2-1/2

[Event "Elenite-B"]
[Site "Elenite"]
[Date "1994.??.??"]
[Round "4"]
[White "Delchev, Aleksander"]
[Black "Prie, Eric"]
[Result "1-0"]
[WhiteElo "2490"]
[BlackElo "2475"]

1.d4 d5 2.Nf3 Nf6 3.c4 c6 4.Nc3 e6 5.e3 Nbd7 6.Bd3 b6 7.O-O Bb7 8.Qe2 Be7
9.Rd1 O-O 10.b3 Qc7 11.Bb2 Rad8 12.Rac1 Qb8 13.e4 dxe4 14.Nxe4 c5 15.dxc5 Nxc5
16.Nxc5 Bxc5 17.Ne5 Qa8 18.Ng4 Ne4 19.b4 Bxb4 20.Bxe4 Rxd1+ 21.Rxd1 Bxe4
22.Bxg7 Kxg7 23.Qb2+ f6 24.Rd7+ Kg6 25.Qxb4 Rd8 26.Qe7 Rxd7 27.Qxf6+ Kh5
28.Qe5+ Bf5 29.Nf6+ Kh6 30.Nxd7 Qd8 31.Qd6 Qg5 32.f4 Qh4 33.Qf8+ Kh5 34.g3 Qh3
35.Qg7  1-0

[Event "Elenite"]
[Site "Elenite"]
[Date "1994.??.??"]
[Round "6"]
[White "Vyzmanavin, Alexey"]
[Black "Georgiev, Kiril"]
[Result "1/2-1/2"]
[WhiteElo "2610"]
[BlackElo "2615"]

1.d4 d5 2.c4 c6 3.e3 Nf6 4.Nc3 e6 5.Nf3 Nbd7 6.Qc2 Bd6 7.Bd2 O-O 8.Bd3 dxc4
9.Bxc4 c5 10.O-O a6 11.Bd3 Qc7 12.Rac1 c4 13.Ne4 Nxe4 14.Bxe4 Nf6 15.Bd3 b5
16.b3 Bb7 17.bxc4 bxc4 18.Qxc4 Qd7 19.Ne5 Bxe5 20.dxe5 Rfd8 21.exf6 Qxd3
22.Qg4 g6 23.Bc3 Qf5 24.Qxf5 gxf5 25.h4 h5 26.Be5 Rd5 27.Bd4 e5 28.Ba1 e4
29.Rc7 Bc8 30.Rfc1 Be6 31.R7c5 Rxc5 32.Rxc5 Rc8 33.Rxc8+ Bxc8 34.Kh2 Kh7
35.Kg3 Kg6 36.Kf4 Be6 37.a3  1/2-1/2

[Event "Elgoibar"]
[Site "Elgoibar"]
[Date "1994.??.??"]
[Round "?"]
[White "Gomez Esteban, Juan Mario"]
[Black "Vera, Reynaldo"]
[Result "1/2-1/2"]
[WhiteElo "2485"]
[BlackElo "2500"]

1.d4 d5 2.c4 c6 3.Nc3 Nf6 4.e3 e6 5.Nf3 Nbd7 6.Bd3 dxc4 7.Bxc4 b5 8.Bd3 a6
9.e4 c5 10.d5 c4 11.dxe6 fxe6 12.Bc2 Qc7 13.O-O Bc5  1/2-1/2

[Event "Elgoibar"]
[Site "Elgoibar"]
[Date "1994.??.??"]
[Round "?"]
[White "San Segundo, Pablo"]
[Black "Antunes, Antonio"]
[Result "1/2-1/2"]
[WhiteElo "2470"]
[BlackElo "2465"]

1.d4 d5 2.c4 c6 3.Nc3 Nf6 4.Nf3 e6 5.e3 Nbd7 6.Bd3 dxc4 7.Bxc4 b5 8.Bd3 b4
9.Ne4 Be7 10.O-O Bb7 11.Nxf6+ Nxf6 12.e4 O-O 13.e5 Nd7 14.Be4 Rb8 15.Qc2 h6
16.Be3 c5 17.Bxb7 Rxb7 18.Rfd1 Qc8 19.dxc5 Nxc5 20.Rac1 Rd8 21.Qc4 Rxd1+
22.Rxd1 a5 23.h3 Rd7 24.Rc1 Rd5 25.Qb5 Qc7 26.Qe8+ Bf8 27.Rc4 Qd7 28.Qb8 Qb7
29.Qxb7 Nxb7 30.Rc8 Nc5 31.Nd4 Nd7 32.Nc6 Kh7 33.Ra8 g5 34.Nxa5 Bg7 35.Nc6 Nxe5
36.Nxb4 Rd1+ 37.Kh2 Nc4 38.Nc2 Bxb2 39.Rc8 Nxe3 40.Nxe3 Ra1 41.g3 h5 42.Kg2 Kg6
43.Rc2 Bd4 44.Rd2 Bxe3 45.fxe3 Kf5 46.Kf3 g4+ 47.hxg4+ hxg4+ 48.Kf2 Ke5 49.Rb2 f5
50.Rd2 Rb1 51.Rc2 Ke4 52.Ke2 e5 53.Rc4+ Kd5 54.Rc2 Rg1 55.Kf2 Rh1 56.Kg2 Rb1
57.Kf2 Ke4 58.Rd2 Rh1 59.Ke2 Rh3 60.Kf2 Rh2+ 61.Ke1 Rh3 62.Kf2 Rh1 63.a4 Ra1
64.Rb2 Rxa4 65.Ke2 Rc4 66.Ra2 Rb4 67.Rc2 Rb3 68.Rc4+ Kd5 69.Rc2 Ra3 70.Rb2 Ra5
71.Rd2+ Ke4 72.Rb2 Ra4 73.Rc2 Ra1 74.Rb2 Rh1 75.Rb4+ Kd5 76.Rb5+ Kd6 77.Rb6+ Kc5
78.Rf6 Rh2+ 79.Kf1 Rh5 80.Ke2 Kd5 81.Kd3 Rh3 82.Rxf5 Rxg3 83.Rg5 Rg2 84.e4+ Kd6
85.Kc4 Ke6 86.Kd3 Rg1 87.Ke3 Rg3+ 88.Ke2 Kd6 89.Rg8 Kc5 90.Rd8 Kc4  1/2-1/2

[Event "Elgoibar"]
[Site "Elgoibar"]
[Date "1994.??.??"]
[Round "?"]
[White "Vera, Reynaldo"]
[Black "Antunes, Antonio"]
[Result "1/2-1/2"]
[WhiteElo "2500"]
[BlackElo "2465"]

1.d4 d5 2.c4 c6 3.Nc3 Nf6 4.e3 e6 5.Nf3 Nbd7 6.Bd3 dxc4 7.Bxc4 b5 8.Bd3 b4
9.Ne4 Bb7 10.O-O Be7 11.Qe2 Nxe4 12.Bxe4 O-O 13.Bd2 Qb6 14.Rac1 Rac8  1/2-1/2

[Event "RUS-ch (Women)"]
[Site "Elista"]
[Date "1994.??.??"]
[Round "?"]
[White "Shumiakina, Tatiana"]
[Black "Strutinskaya, Galina N"]
[Result "1-0"]
[WhiteElo "2315"]
[BlackElo "2260"]

1.d4 e6 2.c4 d5 3.Nc3 Nf6 4.Nf3 c6 5.e3 Nbd7 6.Bd3 dxc4 7.Bxc4 b5 8.Bd3 a6
9.e4 c5 10.d5 c4 11.Bc2 Bc5 12.dxe6 fxe6 13.e5 Ng4 14.Ne4 Qb6 15.O-O Bb7
16.Nfg5 Ngxe5 17.Qh5+ g6 18.Qh3 Bd5 19.Nxc5 Qxc5 20.Nxe6 Qc6 21.Nf4 Bf7 22.Re1 O-O
23.Be4 Qf6 24.Bxa8 Rxa8 25.Be3 Nf8 26.Rad1 Re8 27.Qg3 Qf5 28.Bd4 Nc6 29.Rxe8 Bxe8
30.Qe3 Bf7 31.h3 b4 32.Bc5 Nd7 33.Bd6 a5 34.g4 Qc2 35.Re1 Qxb2 36.Nd5 Qd4
37.Ne7+ Kg7 38.Qg5 Qc3 39.Re3 Qc1+ 40.Kh2 Qd1 41.Nf5+ Kh8 42.Bf8 Kg8 43.Qh6 Qa1
44.Bg7 Qxa2 45.Re2  1-0

[Event "RUS-ch (Women)"]
[Site "Elista"]
[Date "1994.??.??"]
[Round "?"]
[White "Minogina, Tanam"]
[Black "Shumiakina, Tatiana"]
[Result "1/2-1/2"]
[WhiteElo "2250"]
[BlackElo "2315"]

1.d4 d5 2.c4 e6 3.Nc3 c6 4.e3 Nf6 5.Nf3 Nbd7 6.Bd3 dxc4 7.Bxc4 b5 8.Bd3 Bb7
9.e4 b4 10.Na4 c5 11.e5 Nd5 12.dxc5 Nxc5 13.Nxc5 Bxc5 14.Bb5+ Ke7 15.O-O h6
16.Qe2 Qb6 17.Bd2 Rhd8 18.a4 a5 19.Rac1 Rac8 20.h4 Kf8 21.h5 Ne7 22.Bf4 Nf5
23.Bd3 Rd7 24.Bb5 Rd5 25.Rfd1 Rcd8 26.Rxd5 Rxd5 27.Qc2 Nd4 28.Qh7 Nxb5 29.axb5 Bxf2+
30.Kh2 Rc5 31.Qh8+ Ke7 32.Qxg7 Bxf3 33.gxf3 Rxc1 34.Bxc1 Be3 35.Qf6+ Ke8
36.Qh8+ Ke7 37.Qf6+ Ke8 38.Qh8+ Kd7 39.Bxe3 Qxe3 40.Qf6 Ke8 41.Qh8+ Kd7 42.Qf6 Ke8  1/2-1/2

[Event "RUS-ch (Women)"]
[Site "Elista"]
[Date "1994.??.??"]
[Round "?"]
[White "Sirotkina, Nina"]
[Black "Shumiakina, Tatiana"]
[Result "1/2-1/2"]
[WhiteElo "2225"]
[BlackElo "2315"]

1.d4 d5 2.c4 e6 3.Nc3 c6 4.e3 Nf6 5.Nf3 Nbd7 6.Qc2 Bd6 7.Be2 O-O 8.O-O Qe7
9.e4 Nxe4 10.Nxe4 dxe4 11.Qxe4 c5 12.Bg5 Nf6 13.Qc2 b6 14.dxc5 Bxc5 15.Ne5 Bb7
16.Bf3  1/2-1/2

[Event "Petrosian mem"]
[Site "Erevan"]
[Date "1994.??.??"]
[Round "?"]
[White "Lputian, Smbat G"]
[Black "Mnatsakanian, Eduard A"]
[Result "1-0"]
[WhiteElo "2590"]
[BlackElo "2390"]

1.d4 d5 2.c4 c6 3.Nc3 Nf6 4.e3 e6 5.Nf3 Nbd7 6.Bd3 Bd6 7.O-O O-O 8.e4 dxe4
9.Nxe4 Nxe4 10.Bxe4 h6 11.Bc2 c5 12.dxc5 Bxc5 13.Qe2 Re8 14.Rd1 Qe7 15.Ne5 Nf8
16.Nd3 Bd6 17.c5 Bc7 18.Be3 e5 19.Nb4 Be6 20.Be4 Rab8 21.Nd5 Bxd5 22.Bxd5 Ne6
23.b4 Nd4 24.Qg4 Qf6 25.Rac1 Nf5 26.Be4 Nd4 27.Rd3 Red8 28.Rcd1 Kh8 29.h4 Ne6
30.Rxd8+ Rxd8 31.Rxd8+ Bxd8 32.Bxb7 Bc7 33.Be4 Qe7 34.g3 Qd7 35.Qf5 Kg8 36.c6 Qd6
37.Qh7+ Kf8 38.a3 a6 39.Qh8+ Ke7 40.Qc8 Nd4 41.Bxd4 exd4 42.Qxa6 g5 43.hxg5 hxg5
44.Qe2 Kf8 45.Qf3 Bb6 46.Qg2 Qe7 47.Bd5 Kg7 48.a4 f6 49.a5 Bc7  1-0

[Event "Eupen op act"]
[Site "Eupen"]
[Date "1994.??.??"]
[Round "4"]
[White "Stoeber, Michael"]
[Black "Beikert, Guenther"]
[Result "0-1"]
[WhiteElo "2235"]
[BlackElo "2415"]

1.d4 d5 2.c4 c6 3.Nf3 Nf6 4.Nc3 e6 5.e3 Nbd7 6.Bd3 a6 7.O-O dxc4 8.Bxc4 b5
9.Bb3 Be7 10.Qe2 c5 11.Rd1 Qb6 12.d5 c4 13.dxe6 fxe6 14.Bc2 O-O 15.e4 Ng4
16.Rf1 Bb7 17.Bg5 Bc5 18.Bh4 Nge5 19.Nxe5 Nxe5 20.Rad1 Rf7 21.Bg3 Ng6 22.Rd2 Raf8
23.Qh5 Be3 24.Rd6 Bxf2+  0-1

[Event "FIN-chT"]
[Site "?"]
[Date "1994.??.??"]
[Round "?"]
[White "Kanko, Ilkka"]
[Black "Kokkila, Tero"]
[Result "0-1"]
[WhiteElo "2320"]
[BlackElo "2235"]

1.d4 d5 2.c4 c6 3.Nf3 Nf6 4.Nc3 e6 5.e3 Nbd7 6.Qc2 Bd6 7.Be2 O-O 8.O-O e5
9.cxd5 cxd5 10.dxe5 Nxe5 11.Rd1 Qc7 12.h3 Be6 13.Nd4 a6 14.Bd2 Rac8 15.Rac1 Qd7
16.f4 Nc6 17.Nxe6 Qxe6 18.Bf3 d4 19.exd4 Nxd4 20.Qd3 Nxf3+ 21.Qxf3 b5 22.Re1 Qf5
23.g4 Qc5+ 24.Be3 Qb4 25.g5 Qxb2 26.gxf6 Rxc3 27.fxg7 Rfc8 28.Rxc3 Qxc3 29.Rc1 Qxg7+
30.Kf1 Rxc1+ 31.Bxc1 Qd4 32.Qa8+ Kg7 33.Qg2+ Kf8 34.Qa8+ Ke7 35.Qb7+ Ke6
36.Qc8+ Ke7 37.Qb7+ Ke6 38.Qc8+ Kd5 39.Qb7+ Kc4 40.Qxf7+ Qd5 41.Qxd5+ Kxd5
42.Kf2 Ke4 43.Kg3 Kd3 44.Kf3 b4 45.f5 a5 46.Bf4 Bf8 47.Be5 a4 48.f6 Kc2 49.Ke4 Kb1
50.Kd5 Kxa2 51.Bd6 b3  0-1

[Event "FIN-chT"]
[Site "?"]
[Date "1994.??.??"]
[Round "?"]
[White "Kanko, Ilkka"]
[Black "Paldanius, Pekka"]
[Result "1/2-1/2"]
[WhiteElo "2320"]
[BlackElo "2280"]

1.d4 Nf6 2.c4 e6 3.Nf3 d5 4.Nc3 c6 5.e3 Be7 6.Qc2 O-O 7.b3 c5 8.cxd5 exd5
9.Be2 Nc6 10.dxc5 Bxc5 11.O-O Qe7 12.Bb2 a6 13.Rad1 Be6 14.Ng5 Nb4 15.Qb1 g6
16.e4 Rfd8 17.Nxe6 Qxe6 18.a3 Nc6 19.exd5 Nxd5 20.Nxd5 Rxd5 21.Bc4 Rxd1 22.Rxd1 Qe7
23.Re1 Qg5 24.Qe4 Qd2 25.Qe2 Qxe2 26.Rxe2 Rd8 27.g3 b5 28.b4 Bf8 29.Ba2 Nd4
30.Bxd4  1/2-1/2

[Event "FIN-chT"]
[Site "?"]
[Date "1994.??.??"]
[Round "?"]
[White "Rytshagov, Mikhail"]
[Black "Kokkila, Tero"]
[Result "1-0"]
[WhiteElo "2480"]
[BlackElo "2235"]

1.d4 d5 2.c4 c6 3.Nf3 Nf6 4.Nc3 e6 5.e3 Nbd7 6.Qc2 Bd6 7.Bd2 O-O 8.O-O-O Re8
9.Kb1 a6 10.c5 Bf8 11.Bd3 b6 12.cxb6 c5 13.Ng5 g6 14.h4 e5 15.h5 e4 16.hxg6 fxg6
17.Nxd5 Nxd5 18.Nxe4 c4 19.Bxc4 Nxb6 20.Ba5 Be6 21.Nc5 Bxc5 22.dxc5 Nxc4
23.Bxd8 Bf5 24.e4 Bxe4 25.Qxe4 Rxe4 26.Rxd5 Re2 27.Bf6 Rxf2 28.Bd4 Rxg2 29.Rd7 Nd2+
30.Kc1 Re8 31.Bc3 Ne4 32.Rg7+ Kf8 33.Rf1+ Rf2 34.Rxf2+ Nxf2 35.Rxh7 Re2 36.c6 Re7
37.c7  1-0

[Event "Finkenstein op"]
[Site "Finkenstein"]
[Date "1994.??.??"]
[Round "?"]
[White "Moschinger, Markus"]
[Black "Kober, T."]
[Result "0-1"]
[WhiteElo "2055"]
[BlackElo "1925"]

1.c4 e6 2.Nc3 d5 3.d4 c6 4.Nf3 Nf6 5.e3 Nbd7 6.Bd3 dxc4 7.Bxc4 b5 8.Be2 a6
9.O-O Bb7 10.b3 c5 11.Bb2 Be7 12.dxc5 Nxc5 13.Nd4 O-O 14.a4 b4 15.Nb1 Qc7
16.Nd2 Rfd8 17.Rc1 Rac8 18.Qe1 Qb8 19.f3 Nd5 20.Bc4 Qe5 21.Bxd5 Qxd5 22.Qe2 Bf6
23.Rfd1 e5 24.e4 Qd7 25.Nf5 Qd3 26.Qxd3 Rxd3 27.Nc4 Rxb3 28.Bxe5 Nd3 29.Bxf6 Nxc1
30.Ne7+ Kf8 31.Nxc8 gxf6 32.N8d6 Rc3 33.Na5 Bc6 34.Nf5 Bxa4 35.Rd8+ Be8 36.Rb8 Nd3
37.Kf1 Rc5 38.Nb7 Rxf5 39.Nd6 Re5  0-1

[Event "Finkenstein op"]
[Site "Finkenstein"]
[Date "1994.??.??"]
[Round "?"]
[White "Raab, Erich"]
[Black "Grom, Waldemar"]
[Result "1/2-1/2"]
[WhiteElo "1765"]
[BlackElo "2020"]

1.c4 c6 2.Nc3 d5 3.e3 Nf6 4.d4 e6 5.Nf3 Be7 6.Bd3 dxc4 7.Bxc4 b5 8.Bd3 a6
9.a3 Bb7 10.O-O c5 11.dxc5 Bxc5 12.b4 Be7 13.Bb2 Nbd7 14.Rc1 O-O 15.Qe2 Bxf3
16.gxf3 Qb6 17.f4 Rfe8 18.Ne4 Rac8 19.Ng5 g6 20.Bd4 Qb8 21.Nf3 Bd6 22.Qb2 Nh5
23.Ne5 Nxe5 24.fxe5 Bf8 25.f4 Qa8 26.Qf2 Ng7 27.Be2 Rxc1 28.Rxc1 Rc8 29.Qf1 Nf5
30.Bf3 Qb8 31.Be4 Ng7 32.Bb2 Ne8 33.Rxc8 Qxc8 34.Qc1 Qd8 35.Bd4 f5 36.exf6 Nxf6
37.Qc6 Kf7 38.Bxf6 Kxf6 39.Qc3+ Kf7 40.Qh8 Qd1+ 41.Kf2 Qh5 42.Kg3 Be7 43.Kg2 Qe2+
44.Kg3 Qxe3+ 45.Bf3 Qe1+ 46.Kg2 Qh4 47.Qe5 g5 48.f5 exf5 49.Bd5+ Kg6 50.Qe6+ Kh5
51.Qf7+ Kh6  1/2-1/2

[Event "FRA-chT "]
[Site "FRA"]
[Date "1994.??.??"]
[Round "?"]
[White "Monnard, Laurent"]
[Black "Bacrot, Etienne"]
[Result "1-0"]
[WhiteElo "2240"]
[BlackElo "2255"]

1.d4 d5 2.c4 e6 3.Nf3 c6 4.e3 Nf6 5.Nc3 Nbd7 6.Qc2 Bd6 7.Be2 O-O 8.O-O b6
9.e4 Nxe4 10.Nxe4 dxe4 11.Qxe4 Bb7 12.Bg5 Nf6 13.Qc2 h6 14.Bh4 c5 15.dxc5 Bxc5
16.Rad1 Qe7 17.Ne5 Bd6 18.Ng4 Bf4 19.Bxf6 Qc7 20.Qc3 h5 21.Be5 Qc6 22.Bf3  1-0